| 000 | 00790nam a2200193 i 4500 | ||
|---|---|---|---|
| 001 | 166610 | ||
| 003 | ES-MaACL | ||
| 005 | 20250809024234.0 | ||
| 008 | 010118s1896 cu |||| | spa d | ||
| 040 |
_aCCPB | B _bspa _cCCPB | B |
||
| 100 | 1 |
_aTremosa y Nadal, Ángel. _9133370 |
|
| 245 | 1 | 0 |
_aNociones de Derecho internacional / _cAngel Tremosa y Nadal. |
| 260 |
_aHabana : _bLa Australia, _c1896. |
||
| 300 |
_aXIX, 222 p. ; _c22 cm. |
||
| 500 | _aObra premiada por Real Orden de 22 de marzo de 1895 con la Cruz del Mérito Militar Pensionada. | ||
| 650 | 7 |
_aDerecho internacional _2embne _911717 |
|
| 852 |
_aES-MaACL _jT-917-F-4 _z-- Enc. hol. conservando la cub. original _z-- Dedic. ms. de Luis Galan al Ateneo de Madrid _z-- Enc. en un vol. facticio |
||
| 999 |
_c166610 _d166610 |
||